000 01180nam a22002537a 4500
005 20170124103114.0
010 _aA-392893
020 _c75.00
_a8171380123
035 _aA-392893
037 _bCen Lib/Ret
040 _aDPL
_bHN
082 _a350.3
_bश्रीवास्त
100 _aश्रीवास्तव, गोपीनाथ
_944612
245 _aकार्यालयी अनुवाद निदेशिका /
_c गोपीनाथ श्रीवास्तव
246 _aKaryalayi anuvad nideshika /
_bby Gopinath Shrivastava
260 _aनई दिल्ली
_bसामयिक प्रकाशन
_c1989
270 _bनई दिल्ली
_a3543, जटवाड़ा,दरियागंज
_e1100062
300 _avi,152पृ.
_c20सेमी(सजिल्द)
650 _aअनुवाद -- प्रकार
_980170
650 _aअनुवाद -- समस्याएँ एवं समाधान
_980171
650 _aTranslation - Type
_980172
650 _aTranslation - Problems and Solutions
_980173
942 _2ddc
_cHN
_h350.3
_mश्रीवास्त
999 _c118441
_d118441